Mazah Pursi (Record no. 585788)
[ view plain ]
| 000 -LEADER | |
|---|---|
| fixed length control field | 00299nam a22001337a 4500 |
| 020 ## - INTERNATIONAL STANDARD BOOK NUMBER | |
| International Standard Book Number | 9789693511291 |
| 040 ## - CATALOGING SOURCE | |
| Transcribing agency | NUST |
| 082 ## - DEWEY DECIMAL CLASSIFICATION NUMBER | |
| Classification number | 891.4393 |
| Author Mark | BUT |
| 100 ## - MAIN ENTRY--PERSONAL NAME | |
| Personal name | Butt, Dr Muhammad Yunus |
| 9 (RLIN) | 80918 |
| 245 ## - TITLE STATEMENT | |
| Title | Mazah Pursi |
| 300 ## - PHYSICAL DESCRIPTION | |
| Other physical details | 125P |
| 650 ## - SUBJECT ADDED ENTRY--TOPICAL TERM | |
| Source of heading or term | Urdu Literature-Staire |
| 942 ## - ADDED ENTRY ELEMENTS (KOHA) | |
| Source of classification or shelving scheme | |
| Koha item type | Book |
| Withdrawn status | Lost status | Source of classification or shelving scheme | Damaged status | Not for loan | Permanent Location | Current Location | Shelving location | Date acquired | Shelving control number | Full call number | Barcode | Date last seen | Price effective from | Koha item type | Public note |
|---|---|---|---|---|---|---|---|---|---|---|---|---|---|---|---|
| College of Electrical & Mechanical Engineering (CEME) | College of Electrical & Mechanical Engineering (CEME) | Fiction | 07/07/2021 | Urdu Literature | 891.4393 BUT | CEME-50122 | 07/07/2021 | 07/07/2021 | Book | 1.0 |
